00678nam a2200169 a 4500001000400000003000900004008004100013040002800054082001600082100002700098245004600125250000700171260005900178300001500237505022100252650003500473789CO-ViMGA141112s2004 ck r 000 u spa d aCO-ViMGAbspacCO-ViMGA04a614.88 C7891 aCruz Roja Colombiana, 10aManual de primeros auxilios y autocuidado a3a aSantafé de Bogotá : bCruz Roja Colombiana, c1995 a408 p : il aLesiones de tejidos blandos 109 - - Lesiones en los huesos, articulaciones y músculos 149 - - Intoxicaciones 195 - - Picaduras y mordeduras 205 - - Atención primaria en salud 251 - - Enfermedades Tropicales 299 14aPRIMEROS AUXILIOS - MUSCULARES